Specific Role of Nonverbal Communication Business

Gespeichert in:
Bibliographische Detailangaben
1. Verfasser: Bláhová, Mária
Format: Buchkapitel
Sprache:Englisch
Schlagworte:
Tags: Tag hinzufügen
Keine Tags, Fügen Sie das erste Tag hinzu!

MARC

LEADER 00000nla a2200000 4500
001 0201760
005 20240502083511.8
041 0 |a eng 
044 |a PT 
245 1 0 |a Specific Role of Nonverbal Communication Business  |c Mária Bláhová 
610 2 0 |a komunikácia interkultúrna 
610 2 0 |a komunikácia neverbálna 
610 2 0 |a rozmanitosť kultúrna 
610 2 0 |a obchod 
610 2 0 |a podnikanie 
100 1 |a Bláhová, Mária